Tous les vainqueurs de la Premier League - Statistiques

Statistiques générales
  • Ce quiz a été pris 694 fois
  • Le résultat moyen est 10 sur 22
Statistiques - réponses
Nombre de fois vainqueur Réponse % Correct
8 Manchester City
99%
20 Manchester United
99%
19 Liverpool
98%
13 Arsenal
95%
6 Chelsea
95%
1 Leicester
79%
7 Aston Villa
73%
2 Tottenham
70%
9 Everton
62%
1 Nottingham Forest
50%
3 Leeds
49%
2 Burnley
32%
6 Sunderland
31%
5 Sheffield
28%
3 Wolverhampton
28%
3 Blackburn Rovers
13%
2 Derby County
11%
2 Portsmouth
8%
1 Ipswich Town
7%
1 West Bromwich Albion
5%
2 Preston North End
4%
3 Huddersfield Town
2%
Aucun quiz correspondant
Distribution des résultats
% des personnes avec chaque résultat
Percentile par nombre de réponses
Votre historique - résultats
Vous n’avez pas pris ce quiz